000 00266nam a22001217a 4500
041 _aENG
100 _aMahindru.S,N
245 _aBiodiesl The Future Fuel
260 _aNew Delhi
_bAPH Publishing
_c2014
300 _a219
650 _aEOES
856 _uEOES ( 39 )
999 _c1307
_d1307